000 00701nam a2200181Ia 4500
008 100920s9999 xx 000 0 und d
082 _b72397
_a200 थ 98
100 _aमारुतीबुवा रामदासी.
245 _aस्वरूप संप्रदाय.
260 _bमारुतीबुवा रामदासी कार्यवाह, श्रीधर कुटी ट्रस्ट.
_c1998
300 _a78
_bसाधी
365 _b15
520 _aधार्मिक.
630 _aस्वरूप संप्रदाय.
650 _aधार्मिक.
730 _aस्वरूप संप्रदाय.
942 _cBOOK
999 _c714181
_d714178